=LDR 00000nam 2200000 4500 =001 NUTBA000000000003843 =005 20140827181247.0 =006 =007 =008 =020 ##$$a978-979-610-538-0 =035 ##$$a 0010-081400000000688 =082 ##$$a398.9 =100 ##$$aandy krisianto =245 ##$$aenglish proverbs =260 ##$$a yogyakarta $b pustaka widyatama $c 2011 =650 ##$$abahasa inggris =850 ##$$a NBPNMAT =990 ##$$a 0001/BPAP-NTB/20142014